00526nam a2200169Ia 4500003000900000008004100009040001600050080001700066100001800083245006700101260005200168300001000220490003400230500002800264650004100292700002300333IN-BaIIA211028s9999 xx 000 0 eng d cIIA Library a524.722bHOD aHodge, Paul W 4aThe Large magellanic cloudcPaul W. Hodge and Fances W. Wright aWashingtonbSmithsonian Institution Pressc1967 a108p. aSmithsonian Publication; 4699 aDonated by Mrs Bappu  aAstronomy and astrophysics thesaurus aWright, Frances W.